00782nam a2200193 a 450000100100000000500170001000800410002702000150006804000250008308200190010810000310012724500870015826000450024530000210029050000700031150400730038195201170045499900170057100004418220240226184457.0140605s2006 dr 000 0 spa d a9993467286 aDO-SdBNPbspacBNPHU axxxxxxbxxxxxx1 aBrea Franco, Luis O.9712513aEl espejo de babel :buna visión crítica de la cultura /cLuis O. Brea Franco. aSanto Domingo :bAmigo del hogar,c2006. a413 p. ;c22 cm. aIncluye datos biográficos del autor en la solapa de la cubierta aIncluye referencias bibliográficas y notas al pie de las páginas 0010718PDaPDbPDcHDd2014-06-05iLF1l0oxxxxxx xxxxxxp44182-10r2020-06-25w2020-06-25yLFPDZNo se presta c43671d43671